[Event "78th Tata Steel GpA"]
[Site "Wijk aan Zee NED"]
[Date "2016.01.16"]
[Round "1.1"]
[White "Navara, David"]
[Black "Carlsen, Magnus"]
[Result "1/2-1/2"]
[WhiteTitle "GM"]
[BlackTitle "GM"]
[WhiteElo "2730"]
[BlackElo "2844"]
[WhiteFideId "309095"]
[BlackFideId "1503014"]
[EventDate "2016.01.16"]

1. d4 Nf6 2. c4 e6 3. Nf3 d5 4. Nc3 Nbd7 5. cxd5 exd5 6. Bg5 h6 7. Bh4 c6 8. e3
g5 9. Bg3 Nh5 10. Bd3 Nxg3 11. hxg3 Bg7 12. O-O a5 13. a3 O-O 14. Qc2 Re8 15. b4
b5 16. Na2 Bb7 17. bxa5 Rxa5 18. Nb4 Qa8 19. Bh7+ Kh8 20. Bf5 Nb6 21. Ne5 Bxe5
22. dxe5 Nc4 23. Qc3 Rxa3 24. Qd4 c5 25. Rxa3 cxd4 26. Rxa8 Rxa8 27. exd4 Ra4
28. Rb1 Nd2 29. Rb2 Nc4 30. Rb1 Nd2 31. Rb2 Nc4 1/2-1/2

[Event "78th Tata Steel GpA"]
[Site "Wijk aan Zee NED"]
[Date "2016.01.16"]
[Round "1.3"]
[White "Hou, Yifan"]
[Black "Karjakin, Sergey"]
[Result "1/2-1/2"]
[WhiteTitle "GM"]
[BlackTitle "GM"]
[WhiteElo "2673"]
[BlackElo "2769"]
[WhiteFideId "8602980"]
[BlackFideId "14109603"]
[EventDate "2016.01.16"]

1. Nf3 d5 2. g3 g6 3. c4 dxc4 4. Na3 Bg7 5. Nxc4 Nc6 6. Bg2 e5 7. d3 Nge7 8. O-O
O-O 9. Bd2 Nd5 10. Rc1 Re8 11. h3 Nd4 12. e3 Nxf3+ 13. Qxf3 c6 14. Na5 Qd6 15.
Qe2 Rb8 16. Nc4 Qe7 17. e4 Nb6 18. Be3 Be6 19. b3 Nxc4 20. dxc4 a5 21. c5 f5 22.
Kh2 Rf8 23. exf5 gxf5 24. Bd2 Ra8 25. Bc3 Qxc5 26. f4 Qd6 27. Bxe5 Bxe5 28. fxe5
Qe7 29. Rf4 Kh8 30. Rcf1 Rg8 31. h4 Rg6 32. Bh3 Rag8 33. R1f3 Qg7 34. Qe3 Rh6
35. Qd3 Qxe5 36. Bxf5 Bd5 37. Be4 Rd6 38. Rf2 Bxe4 39. Qxe4 Qxe4 40. Rxe4 Rgd8 1/2-1/2

[Event "78th Tata Steel GpA"]
[Site "Wijk aan Zee NED"]
[Date "2016.01.16"]
[Round "1.4"]
[White "Ding, Liren"]
[Black "Adams, Michael"]
[Result "1-0"]
[WhiteTitle "GM"]
[BlackTitle "GM"]
[WhiteElo "2766"]
[BlackElo "2744"]
[WhiteFideId "8603677"]
[BlackFideId "400041"]
[EventDate "2016.01.16"]

1. c4 e5 2. g3 Nf6 3. Bg2 d5 4. cxd5 Nxd5 5. Nc3 Nb6 6. d3 Nc6 7. Be3 Bd6 8. Nf3
O-O 9. O-O Re8 10. d4 exd4 11. Nxd4 Nxd4 12. Bxd4 c6 13. a4 Bf8 14. a5 Nc4 15.
a6 Nxb2 16. Qd2 Nc4 17. Qf4 Bd6 18. Qc1 Be5 19. Bxe5 Nxe5 20. Rd1 Qe7 21. Ne4
bxa6 22. f4 Ng6 23. Qxc6 Rb8 24. Qd6 Bg4 25. Qxe7 Rxe7 26. Rd2 h6 27. Rxa6 Rb4
28. Nc3 Rc4 29. Ra3 Nf8 30. Kf2 Rec7 31. Nd5 Rc2 32. Rxc2 Rxc2 33. Bf1 Be6 34.
Ne7+ Kh7 35. Rxa7 g6 36. Bg2 Bg4 37. Bf1 Be6 38. Bg2 Bg4 39. Bf3 Bxf3 40. Kxf3
Ne6 41. e3 Kg7 42. h3 h5 43. Nd5 Rh2 44. h4 Rc2 45. Nb6 Rc3 46. Ke4 Rc1 47. Kf3
Rc3 48. Nd5 Rb3 49. Ke4 Rb1 50. Nc3 Rb4+ 51. Kd5 Kf8 52. Ne4 Rb3 53. Nd6 Rd3+
54. Ke5 Nd8 55. Rd7 Rxe3+ 56. Kf6 Re6+ 57. Kg5 Kg7 58. f5 Re3 59. f6+ Kh7 60.
Rxd8 Re4 61. Rh8+ 1-0

[Event "78th Tata Steel GpA"]
[Site "Wijk aan Zee NED"]
[Date "2016.01.16"]
[Round "1.5"]
[White "Caruana, Fabiano"]
[Black "Eljanov, Pavel"]
[Result "1-0"]
[WhiteTitle "GM"]
[BlackTitle "GM"]
[WhiteElo "2787"]
[BlackElo "2760"]
[WhiteFideId "2020009"]
[BlackFideId "14102951"]
[EventDate "2016.01.16"]

1. Nf3 d5 2. c4 e6 3. d4 Nf6 4. Nc3 dxc4 5. e4 Bb4 6. Bxc4 Nxe4 7. O-O Nf6 8.
Bg5 O-O 9. Qe2 h6 10. Bh4 Be7 11. Rad1 Nbd7 12. Ne5 Nb6 13. Bd3 Nfd5 14. Bg3 Bd7
15. Ne4 Ba4 16. Rc1 Nd7 17. b3 Nxe5 18. dxe5 Bc6 19. Rfd1 a5 20. a4 Qe8 21. h4
Rd8 22. h5 Nb4 23. Bb1 Kh8 24. Bf4 Rg8 25. Bd2 Rd5 26. Bxb4 axb4 27. Rxd5 exd5
28. Ng3 Bg5 29. Re1 g6 30. Qg4 Qe7 31. Qd4 b6 32. e6+ Bf6 33. Qf4 g5 34. Qf5 Rg7
35. Qc2 Qc5 36. Qxc5 bxc5 37. Nf5 Rg8 38. exf7 1-0

[Event "78th Tata Steel GpA"]
[Site "Wijk aan Zee NED"]
[Date "2016.01.16"]
[Round "1.6"]
[White "Wei, Yi"]
[Black "Tomashevsky, Evgeny"]
[Result "1/2-1/2"]
[WhiteTitle "GM"]
[BlackTitle "GM"]
[WhiteElo "2706"]
[BlackElo "2728"]
[WhiteFideId "8603405"]
[BlackFideId "4147235"]
[EventDate "2016.01.16"]

1. e4 e5 2. Nf3 Nc6 3. Bb5 a6 4. Ba4 Nf6 5. O-O Be7 6. Re1 b5 7. Bb3 O-O 8. a4
b4 9. d3 Bc5 10. Nbd2 d6 11. h3 h6 12. c3 Rb8 13. Nc4 Ba7 14. Be3 Bxe3 15. Nxe3
Re8 16. a5 Na7 17. Bc2 bxc3 18. bxc3 Nb5 19. Qd2 Bd7 20. Nc4 Be6 21. Ne3 Bd7 22.
Nc4 Be6 23. Ne3 Bd7 1/2-1/2

[Event "78th Tata Steel GpA"]
[Site "Wijk aan Zee NED"]
[Date "2016.01.16"]
[Round "1.7"]
[White "Mamedyarov, Shakhriyar"]
[Black "Van Wely, Loek"]
[Result "1/2-1/2"]
[WhiteTitle "GM"]
[BlackTitle "GM"]
[WhiteElo "2747"]
[BlackElo "2640"]
[WhiteFideId "13401319"]
[BlackFideId "1000268"]
[EventDate "2016.01.16"]

1. d4 d5 2. c4 c6 3. Nf3 Nf6 4. g3 dxc4 5. Bg2 b5 6. b3 cxb3 7. axb3 e6 8. Ne5
Qb6 9. O-O Bb7 10. Nc3 Nbd7 11. Be3 Rd8 12. Bxc6 Bxc6 13. d5 Bc5 14. Nxc6 Bxe3
15. Nxd8 Kxd8 16. dxe6 fxe6 17. Nxb5 Qxb5 18. fxe3 Ke7 19. Rxa7 Rb8 20. Qd4 Qd5
21. Rb1 Rxb3 22. Rxd7+ Nxd7 23. Qxg7+ Kd6 24. Qxh7 Rxe3 25. Qc2 Qd4 26. Kf1 Rc3
27. Rd1 Rxc2 28. Rxd4+ Ke7 29. Kf2 Ne5 30. h4 Rc4 31. Rf4 Rc2 32. Ke3 Rc1 33.
Re4 Nc4+ 34. Kf2 Nd6 35. Rf4 Nf5 36. h5 Nh6 37. g4 Nf7 38. Kg3 Rg1+ 39. Kf2 Ra1
40. Kg3 Re1 41. Kf2 Rb1 42. Kg3 Rb2 43. Rf2 Rb4 44. e3 Re4 45. Kf3 Ra4 46. Kg3
Re4 47. Kf3 Ng5+ 48. Kg3 Nh7 49. Kf3 Ra4 50. Kg3 Ra1 51. Rf4 Rb1 52. Ra4 Kf6 53.
Ra8 Rg1+ 54. Kh4 Rh1+ 55. Kg3 Rg1+ 56. Kh4 Rh1+ 57. Kg3 Ng5 58. Kg2 Rh4 59. Ra4
Rh3 60. Ra3 Rh4 61. Ra4 e5 62. Ra6+ Kf7 63. Ra7+ Ke6 64. Ra6+ Kd5 65. Ra4 Kc6
66. Kg3 Rh3+ 67. Kf2 Kb5 68. Ra8 Ne4+ 69. Ke2 Kc4 70. Ra5 Nc5 71. Kf2 Nd3+ 72.
Kg2 Rxe3 73. h6 Nf4+ 74. Kf2 Rb3 75. h7 Rh3 76. Rxe5 1/2-1/2

[Event "78th Tata Steel GpA"]
[Site "Wijk aan Zee NED"]
[Date "2016.01.17"]
[Round "2.1"]
[White "Carlsen, Magnus"]
[Black "Caruana, Fabiano"]
[Result "1/2-1/2"]
[WhiteTitle "GM"]
[BlackTitle "GM"]
[WhiteElo "2844"]
[BlackElo "2787"]
[WhiteFideId "1503014"]
[BlackFideId "2020009"]
[EventDate "2016.01.16"]

1. g3 g6 2. Bg2 Bg7 3. e4 e5 4. Ne2 c5 5. d3 Nc6 6. Be3 d6 7. Qd2 Nd4 8. c3 Nxe2
9. Qxe2 Ne7 10. h4 h6 11. h5 g5 12. f4 exf4 13. gxf4 gxf4 14. Bxf4 Nc6 15. Na3
Be5 16. Be3 Be6 17. Nc4 Bg3+ 18. Kd2 Qd7 19. d4 cxd4 20. cxd4 Ne5 21. Nxe5 dxe5
22. d5 Bg4 23. Bf3 Bxf3 24. Qxf3 Qb5 25. Rac1 Qxb2+ 26. Kd1 Bf4 27. Bxf4 exf4
28. Qxf4 Rg8 29. Rf1 Qd4+ 30. Ke1 Qb4+ 31. Kd1 Qd4+ 32. Ke1 Qb4+ 1/2-1/2

[Event "78th Tata Steel GpA"]
[Site "Wijk aan Zee NED"]
[Date "2016.01.17"]
[Round "2.2"]
[White "Giri, Anish"]
[Black "Ding, Liren"]
[Result "1/2-1/2"]
[WhiteTitle "GM"]
[BlackTitle "GM"]
[WhiteElo "2798"]
[BlackElo "2766"]
[WhiteFideId "24116068"]
[BlackFideId "8603677"]
[EventDate "2016.01.16"]

1. c4 c6 2. d4 d5 3. Nf3 Nf6 4. e3 e6 5. Bd3 Nbd7 6. b3 Bd6 7. Bb2 b6 8. O-O O-O
9. Nbd2 Bb7 10. Qe2 c5 11. cxd5 exd5 12. Ba6 Bxa6 13. Qxa6 Qe7 14. Rfd1 Rfd8 15.
Rac1 Qe6 16. Nf1 Ne4 17. N3d2 Ndf6 18. Nxe4 Nxe4 19. Rc2 Rac8 20. Rdc1 h5 21.
Qe2 h4 22. dxc5 Rxc5 23. h3 Rdc8 24. Bd4 Rxc2 25. Rxc2 Rxc2 26. Qxc2 Be5 27.
Bxe5 Qxe5 28. Qc8+ Kh7 29. Qg4 Qf6 30. f3 Nc3 31. a4 d4 32. Kf2 Nd1+ 33. Ke2
Nxe3 1/2-1/2

[Event "78th Tata Steel GpA"]
[Site "Wijk aan Zee NED"]
[Date "2016.01.17"]
[Round "2.3"]
[White "Adams, Michael"]
[Black "Navara, David"]
[Result "1/2-1/2"]
[WhiteTitle "GM"]
[BlackTitle "GM"]
[WhiteElo "2744"]
[BlackElo "2730"]
[WhiteFideId "400041"]
[BlackFideId "309095"]
[EventDate "2016.01.16"]

1. e4 c6 2. d4 d5 3. e5 Bf5 4. h4 h5 5. Bd3 Bxd3 6. Qxd3 e6 7. Bg5 Be7 8. Nf3
Nh6 9. Nc3 Nf5 10. Ne2 c5 11. dxc5 Na6 12. Qb5+ Qd7 13. Qxd7+ Kxd7 14. Bxe7 Kxe7
15. b4 b6 16. cxb6 Nxb4 17. Ned4 Nxd4 18. Nxd4 axb6 19. Rb1 Rxa2 20. Kd2 Na6 21.
Rxb6 Nc5 22. Rc6 Ne4+ 23. Ke2 Rb8 24. Rc7+ Ke8 25. Rd1 Ra3 26. Rd3 Rxd3 27. cxd3
Rb2+ 28. Rc2 Rxc2+ 29. Nxc2 Nc5 30. d4 Ne4 31. Ne3 1/2-1/2

[Event "78th Tata Steel GpA"]
[Site "Wijk aan Zee NED"]
[Date "2016.01.17"]
[Round "2.4"]
[White "Tomashevsky, Evgeny"]
[Black "Mamedyarov, Shakhriyar"]
[Result "1/2-1/2"]
[WhiteTitle "GM"]
[BlackTitle "GM"]
[WhiteElo "2728"]
[BlackElo "2747"]
[WhiteFideId "4147235"]
[BlackFideId "13401319"]
[EventDate "2016.01.16"]

1. d4 d5 2. c4 c5 3. cxd5 Qxd5 4. Nf3 cxd4 5. Nc3 Qa5 6. Nxd4 Nf6 7. g3 e5 8.
Nb3 Qc7 9. Bg2 Bb4 10. Bd2 O-O 11. O-O Rd8 12. Rc1 Nc6 13. Qc2 Be6 14. Bg5 Rac8
15. e3 Na5 16. Bxf6 gxf6 17. Nxa5 Bxa5 18. Qa4 Kg7 19. a3 Rd2 20. Ne2 Qd8 21.
Rxc8 Bxc8 22. b4 Bb6 23. Nc3 f5 24. Qb5 Qd6 25. Nd5 Bd8 26. Rc1 Be6 27. Nc3 e4
28. Bf1 Bf6 29. Qc5 Qxc5 30. bxc5 Be5 31. a4 Bb3 32. a5 a6 33. c6 bxc6 1/2-1/2

[Event "78th Tata Steel GpA"]
[Site "Wijk aan Zee NED"]
[Date "2016.01.17"]
[Round "2.5"]
[White "Hou, Yifan"]
[Black "So, Wesley"]
[Result "1/2-1/2"]
[WhiteTitle "GM"]
[BlackTitle "GM"]
[WhiteElo "2673"]
[BlackElo "2773"]
[WhiteFideId "8602980"]
[BlackFideId "5202213"]
[EventDate "2016.01.16"]

1. e4 e5 2. Nf3 Nc6 3. Bb5 Nf6 4. d3 Bc5 5. c3 O-O 6. O-O d6 7. h3 Ne7 8. Re1 a6
9. Ba4 Ba7 10. d4 Ng6 11. Bc2 Re8 12. Nbd2 c5 13. d5 b5 14. b3 Bd7 15. Nf1 Qc7
16. Ne3 Bb6 17. a4 Nf4 18. Nh2 c4 19. bxc4 Ba5 20. Bd2 bxc4 21. Nhg4 Nxg4 22.
hxg4 Rab8 23. Ra3 Qc5 24. Ra2 Rb7 25. g3 Nd3 26. Rf1 Reb8 27. Qe2 Rb2 28. Rxb2
Nxb2 29. Rb1 Bc7 30. Ra1 g6 31. Kg2 Bd8 32. Bc1 Qc8 33. Ra2 Nd3 34. Ba3 Bb6 35.
Nxc4 Ne1+ 36. Qxe1 Qxc4 37. Rb2 Qc7 38. Bd1 Rc8 39. Qe2 a5 40. Qa6 Rb8 41. Qd3
f6 42. Qc2 Ba7 43. Rxb8+ Qxb8 44. Qb3 Qc7 45. Be2 g5 46. Kf1 Kf7 47. f3 Ke7 48.
Bd3 Qb6 49. Qxb6 Bxb6 50. Bb5 Bc8 51. Ke2 Bc5 52. Bc1 Kd8 53. Bd2 Kc7 54. Be1 1/2-1/2

[Event "78th Tata Steel GpA"]
[Site "Wijk aan Zee NED"]
[Date "2016.01.17"]
[Round "2.6"]
[White "Karjakin, Sergey"]
[Black "Van Wely, Loek"]
[Result "1/2-1/2"]
[WhiteTitle "GM"]
[BlackTitle "GM"]
[WhiteElo "2769"]
[BlackElo "2640"]
[WhiteFideId "14109603"]
[BlackFideId "1000268"]
[EventDate "2016.01.16"]

1. e4 c5 2. Nf3 Nc6 3. Nc3 g6 4. d4 cxd4 5. Nxd4 Bg7 6. Be3 Nf6 7. Bc4 O-O 8.
Bb3 d6 9. f3 Bd7 10. h4 h5 11. Qd2 Qa5 12. O-O-O Rfc8 13. Kb1 Ne5 14. Bg5 Kf8
15. f4 Neg4 16. Rhe1 Rc5 17. f5 gxf5 18. Nxf5 Bxf5 19. exf5 Re8 20. Nd5 1/2-1/2

[Event "78th Tata Steel GpA"]
[Site "Wijk aan Zee NED"]
[Date "2016.01.17"]
[Round "2.7"]
[White "Eljanov, Pavel"]
[Black "Wei, Yi"]
[Result "1/2-1/2"]
[WhiteTitle "GM"]
[BlackTitle "GM"]
[WhiteElo "2760"]
[BlackElo "2706"]
[WhiteFideId "14102951"]
[BlackFideId "8603405"]
[EventDate "2016.01.16"]

1. d4 Nf6 2. c4 g6 3. g3 c6 4. Bg2 d5 5. Qa4 a6 6. cxd5 b5 7. Qd1 cxd5 8. Nf3
Bg7 9. O-O Nc6 10. Bf4 O-O 11. Ne5 Bb7 12. Nxc6 Bxc6 13. Be5 e6 14. Nd2 Bh6 15.
e3 Qe7 16. h4 b4 17. Qc2 Rfc8 18. Rfc1 Bd7 19. Qd1 Bb5 20. Rxc8+ Rxc8 21. Rc1
Rxc1 22. Qxc1 Ng4 23. Bf4 Bxf4 24. exf4 Nf6 25. Nb3 Bc4 26. Nc5 a5 27. b3 Bb5
28. Qe3 Ng4 29. Qd2 Qf6 30. f3 Nh6 31. Bh3 Nf5 32. Bxf5 Qxf5 33. Qd1 Qh3 34. Qe1
Qf5 35. Qd1 Qh3 36. Qe1 Qf5 1/2-1/2

[Event "78th Tata Steel GpA"]
[Site "Wijk aan Zee NED"]
[Date "2016.01.18"]
[Round "3.1"]
[White "Wei, Yi"]
[Black "Carlsen, Magnus"]
[Result "1/2-1/2"]
[WhiteTitle "GM"]
[BlackTitle "GM"]
[WhiteElo "2706"]
[BlackElo "2844"]
[WhiteFideId "8603405"]
[BlackFideId "1503014"]
[EventDate "2016.01.16"]

1. e4 e5 2. Nf3 Nc6 3. Bb5 a6 4. Ba4 Nf6 5. O-O Be7 6. Re1 b5 7. Bb3 O-O 8. c3
d5 9. exd5 Nxd5 10. Nxe5 Nxe5 11. Rxe5 c6 12. d3 Bd6 13. Re1 Bf5 14. Qf3 Qh4 15.
g3 Qh3 16. Be3 Bxd3 17. Nd2 Qf5 18. Bd4 Rae8 19. Kg2 Qxf3+ 20. Kxf3 Re6 21. Rac1
h6 22. Kg2 Rg6 23. Ne4 Nf4+ 24. Kf3 Bxe4+ 25. Rxe4 Nd3 26. Rd1 Nxb2 27. Rd2 Ba3
28. Bb6 Rd6 29. Rxd6 Bxd6 30. Re2 Nd3 31. Rd2 Ne5+ 32. Kg2 Be7 33. f4 Nc4 34.
Bxc4 bxc4 35. Rd7 Bf6 36. Rc7 Bxc3 37. Rxc6 Rb8 38. a4 Bb2 39. Ba5 c3 40. Bxc3
Bxc3 41. Rxc3 Rb4 42. a5 Rb5 43. Ra3 Rb2+ 44. Kh3 f5 45. Rc3 Rb5 46. Ra3 g5 47.
fxg5 hxg5 48. Kg2 Kg7 49. h4 g4 50. Rc3 Rxa5 51. Rc6 Ra2+ 52. Kg1 a5 53. Ra6 a4
54. Kh1 Kf7 55. Kg1 Ra1+ 56. Kg2 Ra3 57. Kh2 Ra2+ 58. Kg1 Ke7 59. Kh1 a3 60. Kg1 1/2-1/2

[Event "78th Tata Steel GpA"]
[Site "Wijk aan Zee NED"]
[Date "2016.01.18"]
[Round "3.2"]
[White "Navara, David"]
[Black "Giri, Anish"]
[Result "1/2-1/2"]
[WhiteTitle "GM"]
[BlackTitle "GM"]
[WhiteElo "2730"]
[BlackElo "2798"]
[WhiteFideId "309095"]
[BlackFideId "24116068"]
[EventDate "2016.01.16"]

1. d4 Nf6 2. c4 g6 3. Nc3 d5 4. Nf3 Bg7 5. Qb3 dxc4 6. Qxc4 O-O 7. e4 a6 8. Be2
b5 9. Qb3 c5 10. dxc5 Bb7 11. e5 Nfd7 12. Be3 e6 13. O-O Qc7 14. Rad1 Nxc5 15.
Qa3 Ne4 16. Nxe4 Bxe4 17. Ng5 Bc6 18. f4 Qb7 19. Bc5 Re8 20. f5 exf5 21. Rxf5
gxf5 22. Bh5 Bd5 23. Rxd5 Qxd5 24. Bxf7+ Qxf7 25. Nxf7 Kxf7 26. Qb3+ Kg6 27.
Qg3+ Kf7 28. Qb3+ Kg6 29. Qg3+ Kf7 30. Qf3 Nd7 31. Qd5+ Kg6 32. Qc6+ Nf6 33.
exf6 Rac8 34. Qxa6 Ra8 35. f7+ Kxf7 36. Qxb5 Rad8 37. Qb3+ Kg6 38. Qg3+ Kf7 39.
Qb3+ Kg6 40. Bd6 Bxb2 41. Qxb2 Rxd6 42. h3 Ra6 1/2-1/2

[Event "78th Tata Steel GpA"]
[Site "Wijk aan Zee NED"]
[Date "2016.01.18"]
[Round "3.3"]
[White "Mamedyarov, Shakhriyar"]
[Black "Eljanov, Pavel"]
[Result "0-1"]
[WhiteTitle "GM"]
[BlackTitle "GM"]
[WhiteElo "2747"]
[BlackElo "2760"]
[WhiteFideId "13401319"]
[BlackFideId "14102951"]
[EventDate "2016.01.16"]

1. d4 d5 2. c4 c6 3. Nc3 Nf6 4. e3 a6 5. Nf3 e6 6. b3 Bb4 7. Bd2 O-O 8. Bd3 Nbd7
9. Qc2 Qe7 10. Ne5 Nxe5 11. dxe5 Ng4 12. f4 Bc5 13. Ke2 Rd8 14. h3 Nxe3 15. Bxe3
Bxe3 16. Kxe3 d4+ 17. Kf3 dxc3 18. Rad1 Bd7 19. Bxh7+ Kh8 20. Bd3 f5 21. Qxc3 c5
22. Kf2 Bc6 23. Be2 b5 24. Qe3 bxc4 25. Bxc4 Bb5 26. Be2 Bxe2 27. Kxe2 c4 28.
bxc4 Qb4 29. Qb3 Qc5 30. Qc3 Rac8 31. Kf3 Kg8 32. Kg3 a5 33. Rxd8+ Rxd8 34. Rb1
a4 35. Kh2 Qc6 36. Qg3 Qe4 37. Qg5 Rc8 38. c5 Qxb1 0-1

[Event "78th Tata Steel GpA"]
[Site "Wijk aan Zee NED"]
[Date "2016.01.18"]
[Round "3.4"]
[White "Van Wely, Loek"]
[Black "Tomashevsky, Evgeny"]
[Result "1/2-1/2"]
[WhiteTitle "GM"]
[BlackTitle "GM"]
[WhiteElo "2640"]
[BlackElo "2728"]
[WhiteFideId "1000268"]
[BlackFideId "4147235"]
[EventDate "2016.01.16"]

1. d4 Nf6 2. c4 e6 3. Nf3 b6 4. g3 Bb7 5. Bg2 Be7 6. Nc3 O-O 7. d5 Bb4 8. O-O
Bxc3 9. bxc3 Na6 10. Nd4 Nc5 11. Ba3 d6 12. dxe6 Bxg2 13. exf7+ Rxf7 14. Kxg2
Ng4 15. Nf3 Ne4 16. Qd3 Qe7 17. h3 Ngf6 18. Rad1 Re8 19. Qc2 Qe6 20. Qd3 Qd7 21.
Bc1 Nc5 22. Qc2 Qa4 23. Qxa4 Nxa4 24. Rd2 Ne4 25. Rc2 Nexc3 26. Be3 Ne4 27. Rd1
Ref8 28. Bd4 Nac5 29. Rf1 Ne6 30. Be3 Rf5 1/2-1/2

[Event "78th Tata Steel GpA"]
[Site "Wijk aan Zee NED"]
[Date "2016.01.18"]
[Round "3.5"]
[White "Caruana, Fabiano"]
[Black "Adams, Michael"]
[Result "1-0"]
[WhiteTitle "GM"]
[BlackTitle "GM"]
[WhiteElo "2787"]
[BlackElo "2744"]
[WhiteFideId "2020009"]
[BlackFideId "400041"]
[EventDate "2016.01.16"]

1. d4 Nf6 2. c4 e6 3. Nc3 Bb4 4. Nf3 b6 5. e3 Bb7 6. Bd3 O-O 7. O-O d5 8. cxd5
exd5 9. Ne5 Nbd7 10. f4 c5 11. Ne2 c4 12. Bf5 g6 13. Qa4 gxf5 14. Qxb4 Ne4 15.
a4 f6 16. Nf3 Nb8 17. Qe1 Nc6 18. Bd2 Kh8 19. Nh4 Qd7 20. Nc3 Rae8 21. Nxe4 Rxe4
22. Qd1 Rg8 23. Qh5 Bc8 24. Rf3 Qe8 25. Qh6 Qf7 26. b4 Ne7 27. Rh3 Rg4 28. Nf3
Bd7 29. Kf2 Be8 30. Rg3 Ng8 31. Qh3 Bd7 32. b5 Re8 33. Ng1 a5 34. bxa6 Ra8 35.
Ne2 Rxa6 36. Bb4 Kg7 37. Nc3 h5 38. Kg1 Nh6 39. Rf3 Ra8 40. Rf2 Kh7 41. Qf3 Bc6
42. Rb2 h4 43. Ba3 Rag8 44. Kh1 Ba8 45. Rg1 Qe6 46. Rb5 R4g7 47. Bc1 Rg6 48. Bd2
R8g7 49. Rb2 Nf7 50. h3 Rg3 51. Qh5+ Nh6 52. Qxh4 Qg8 53. Be1 R3g6 54. Qh5 Re7
55. Bf2 Reg7 56. Qf3 Qd8 57. Bh4 Qd6 58. Rgb1 Qa3 59. Be1 Qe7 60. g3 Nf7 61.
Rxb6 Rh6 62. Ra6 Qe8 63. Kg2 Qc8 64. Rbb6 1-0

[Event "78th Tata Steel GpA"]
[Site "Wijk aan Zee NED"]
[Date "2016.01.18"]
[Round "3.6"]
[White "So, Wesley"]
[Black "Karjakin, Sergey"]
[Result "1/2-1/2"]
[WhiteTitle "GM"]
[BlackTitle "GM"]
[WhiteElo "2773"]
[BlackElo "2769"]
[WhiteFideId "5202213"]
[BlackFideId "14109603"]
[EventDate "2016.01.16"]

1. d4 Nf6 2. c4 e6 3. Nf3 d5 4. g3 Bb4+ 5. Bd2 Be7 6. Bg2 O-O 7. O-O c6 8. Qc2
b6 9. Rd1 Nbd7 10. Bf4 Ba6 11. Ne5 Rc8 12. Nc3 Bxc4 13. Nxc4 dxc4 14. e4 b5 15.
a4 a6 16. d5 cxd5 17. exd5 e5 18. Bg5 b4 19. d6 bxc3 20. Qxc3 h6 21. Be3 e4 22.
Qa3 Re8 23. dxe7 Qxe7 24. Qxe7 Rxe7 25. Rd6 Re6 26. Rad1 Ne5 27. Bh3 Rxd6 28.
Rxd6 Rb8 29. Kg2 c3 30. bxc3 Nc4 31. Rxa6 Nxe3+ 32. fxe3 Nd5 33. a5 f5 34. c4
Nxe3+ 35. Kf2 Nxc4 36. Bxf5 Rf8 37. g4 Nxa5 38. Rxa5 g6 39. Re5 gxf5 40. gxf5
Ra8 41. Kg3 Kf7 42. Rxe4 Kf6 43. Kf4 Ra6 44. h4 h5 1/2-1/2

[Event "78th Tata Steel GpA"]
[Site "Wijk aan Zee NED"]
[Date "2016.01.18"]
[Round "3.7"]
[White "Ding, Liren"]
[Black "Hou, Yifan"]
[Result "1/2-1/2"]
[WhiteTitle "GM"]
[BlackTitle "GM"]
[WhiteElo "2766"]
[BlackElo "2673"]
[WhiteFideId "8603677"]
[BlackFideId "8602980"]
[EventDate "2016.01.16"]

1. d4 Nf6 2. c4 e6 3. Nf3 d5 4. Nc3 Bb4 5. cxd5 exd5 6. Bg5 h6 7. Bh4 Nbd7 8. e3
g5 9. Bg3 Ne4 10. Qb3 c5 11. Rc1 Qa5 12. Nd2 Nxg3 13. hxg3 cxd4 14. exd4 Nf6 15.
Bd3 Be6 16. a3 Bxc3 17. Rxc3 Rc8 18. Rxc8+ Bxc8 19. Qb4 Qxb4 20. axb4 Ke7 21.
Nb1 Bd7 22. Nc3 a6 23. f3 Kd6 24. Kf2 Ng8 25. Ra1 Ne7 26. Ra5 Rc8 27. g4 Rc6 28.
b5 axb5 29. Rxb5 Rxc3 30. bxc3 Bxb5 31. Bxb5 f5 32. gxf5 Nxf5 33. Bd3 Ke6 34. g4
Ng7 35. Ke3 h5 36. gxh5 Nxh5 37. c4 1/2-1/2